<?xml version="1.0" encoding="UTF-8"?>
<collection xmlns:xsi="http://www.w3.org/2001/XMLSchema-instance" xsi:schemaLocation="http://www.loc.gov/MARC21/slim http://www.loc.gov/standards/marcxml/schema/MARC21slim.xsd" xmlns="http://www.loc.gov/MARC21/slim">
 <record>
  <leader>00000cam a22000004a 4500</leader>
  <controlfield tag="001">UP-99796217609674460</controlfield>
  <controlfield tag="003">Buklod</controlfield>
  <controlfield tag="005">20110219124349.0</controlfield>
  <controlfield tag="006">a     r    |||| u|</controlfield>
  <controlfield tag="007">ta</controlfield>
  <controlfield tag="008">071018s2008    mau     rb   |001 0|eng d</controlfield>
  <datafield tag="020" ind1=" " ind2=" ">
   <subfield code="a">9781405128063 (hardcover : alk. paper)</subfield>
  </datafield>
  <datafield tag="035" ind1=" " ind2=" ">
   <subfield code="a">(iLib)UPD-00146400264</subfield>
  </datafield>
  <datafield tag="040" ind1=" " ind2=" ">
   <subfield code="a">DLC</subfield>
   <subfield code="d">DCAL</subfield>
  </datafield>
  <datafield tag="041" ind1=" " ind2=" ">
   <subfield code="a">eng</subfield>
  </datafield>
  <datafield tag="042" ind1=" " ind2=" ">
   <subfield code="a">DMLUC</subfield>
  </datafield>
  <datafield tag="090" ind1=" " ind2="0">
   <subfield code="a">PQ 7081 A1</subfield>
   <subfield code="b">C66 2008</subfield>
  </datafield>
  <datafield tag="245" ind1="0" ind2="2">
   <subfield code="a">A Companion to Latin American literature and culture</subfield>
   <subfield code="c">edited by Sara Castro-Klaren.</subfield>
  </datafield>
  <datafield tag="264" ind1=" " ind2="1">
   <subfield code="a">Malden, Mass.</subfield>
   <subfield code="b">Blackwell</subfield>
   <subfield code="c">c2008.</subfield>
  </datafield>
  <datafield tag="300" ind1=" " ind2=" ">
   <subfield code="a">xix, 688 p.</subfield>
  </datafield>
  <datafield tag="490" ind1="0" ind2=" ">
   <subfield code="a">Blackwell companions to literature and culture</subfield>
   <subfield code="v">53</subfield>
  </datafield>
  <datafield tag="505" ind1="0" ind2="0">
   <subfield code="a">Introduction / Sara Castro-Klaren -- Preamble: the historical foundation of modernity/coloniality and the emergence of decolonial thinking / Walter D. Mignolo -- Coloniality.  Mapping the Pre-Columbian Americas : indigenous peoples of the Americas and western knowledge / Gustavo Verdesio -- Writing violence / Jose Rabasa -- The Popol Wuj : the repositioning and survival of Mayan culture / Carlos M. Lopez -- The Colegio Imperial de Santa Cruz de Tlatelolco and its aftermath : Nahua intellectuals and the spiritual conquest of Mexico / Rocio Cortes -- Memory and &quot;writing&quot; in the Andes / Sara Castro-Klaren -- Writing the Andes / Sara Castro-Klaren -- Court culture, ritual, satire, and music in colonial Brazil and Spanish America / Lucia Helena Costigan -- Violence in the land of the musica : Juan Rodriguez Freile's El carnero / Alvaro Felix Bolanos -- The splendor of Baroque visual arts / Lisa DeLeonardis -- History of a phantom / Francisco A. Ortega -- Colonial religiosity : nuns, heretics, and witches / Kathryn Joy McKnight -- Transformations.  The Tupac Amaru Rebellion : anticolonialism and protonationalism in late colonial Peru / Peter Elmore -- The Caribbean in the Age of Enlightenment, 1788-1848 / Franklin W. Knight -- The philosopher-traveler : the secularization of knowledge in Spanish America and Brazil / Leila Gomez -- The Haitian Revolution / Sibylle Fischer -- The emergence of national communities in new imperial coordinates. The gaucho and the gauchesca / Abril Trigo -- Andres Bello, Domingo Faustino Sarmiento, Manuel Gonzalez Prada, and Teresa de la Parra : four writers and four concepts of nationhood / Nicolas Shumway -- Reading national subjects / Juan Poblete -- For love and money : of potboilers and precautions / Doris Sommer -- Uncertain modernities.  Shifting hegemonies : the cultural politics of empire / Fernando Degiovanni -- Machado de Assis : the meaning of sardonic / Todd S. Garth -- The Mexican Revolution and the plastic arts / Horacio Legras -- Anthropology, pedagogy, and the various modulations of Indigenismo Amanta, Tamayo, Arguedas, Sabogal, Bonfil Batalla / Javier Sanjines C. -- Cultural theory and the avant-gardes : Mariategui, Mario de Andrade, Oswald de Andrade, Pagu, Tarsila do Amaral, Cesar Vallejo / Fernando J. Rosenberg -- Latin American poetry / Stephen M. Hart -- Literature between the wars : Macedonio Fernandez, Jorge Luis Borges, and Felisberto Hernandez / Adriana J. Bergero -- Narratives and deep histories : Freyre, Arguedas, Roa Bastos, Rulfo / Adriana Michele Campos Johnson -- The &quot;boom&quot; of Spanish-American fiction and the 1960s revolutions (1958-75) / Gerald Martin -- Joao Guimaraes Rosa, Antonio Callado, Clarice Lispector, and the Brazilian Difference / Elizabeth A. Marchant -- Feminist insurrections : from Queiroz and Castellanos to Morejon, Poniatowska, Valenzuela, and Eltit / Adriana J. Bergero, Elizabeth A. Marchant -- Caribbean philosophy / Edouard Glissant -- Global and local perspectives.  Uncertain modernities : Amerindian epistemologies and the reorienting of culture / Elizabeth Monasterios P. -- Testimonio, subalternity, and narrative authority / John Beverley -- Affectivity beyond &quot;Bare Life&quot; : on the non-tragic return of violence in Latin American film / Hermann Herlinghaus -- Postmodern theory and cultural criticism in Spanish America and Brazil / Ileana Rodriguez -- Post-Utopian imaginaries : narrating uncertainty / Silvia G. Kurlat Ares -- Cultural modalities and cross-cultural connections : rock across class and ethnic identities / Gastavo Verdesio -- Film, indigenous video, and the lettered city's visual economy / Freya Schiuy.</subfield>
  </datafield>
  <datafield tag="650" ind1=" " ind2="0">
   <subfield code="a">Latin American literature</subfield>
   <subfield code="x">History and criticism.</subfield>
  </datafield>
  <datafield tag="651" ind1=" " ind2="0">
   <subfield code="a">Latin America</subfield>
   <subfield code="x">Intellectual life.</subfield>
  </datafield>
  <datafield tag="651" ind1=" " ind2="0">
   <subfield code="a">Latin America</subfield>
   <subfield code="x">Social life and customs.</subfield>
  </datafield>
  <datafield tag="700" ind1="1" ind2=" ">
   <subfield code="a">Castro-Klare?n, Sara.</subfield>
  </datafield>
  <datafield tag="856" ind1="4" ind2="8">
   <subfield code="a">Table of contents only</subfield>
   <subfield code="u">http://www.loc.gov/catdir/enhancements/fy0805/2007043481-t.html</subfield>
  </datafield>
  <datafield tag="905" ind1=" " ind2=" ">
   <subfield code="a">FO</subfield>
  </datafield>
  <datafield tag="950" ind1=" " ind2=" ">
   <subfield code="a">Textual</subfield>
  </datafield>
  <datafield tag="852" ind1="0" ind2=" ">
   <subfield code="a">UPD</subfield>
   <subfield code="b">DCAL</subfield>
   <subfield code="h">PQ 7081 A1</subfield>
   <subfield code="i">C66 2008</subfield>
  </datafield>
  <datafield tag="942" ind1=" " ind2=" ">
   <subfield code="a">Book</subfield>
  </datafield>
 </record>
</collection>
